000 00908nam a22002177a 4500
999 _c14175
_d14175
003 MIRAKIL
005 20201111161041.0
008 201111b tu ||||| |||| 00| 0 tur d
040 _aTR-AnCHP
_cTR-AnCHP
041 _atur
082 _aATA 016.923156
_bA12a 1981
100 _aAcaroğlu, M. Türker
245 1 0 _aAçıklamalı Atatürk kaynakçası /
_cM. Türker Acaroğlu
260 _aAnkara:
_bTürkiye İş Bankası Kültür Yayınları,
_c1981.
300 _a2 c.:
_c19 sm.
490 0 _aTürkiye İş Bankası Kültür Yayınları;
_aAtatürk'ün doğumunun 100. yılı dizisi ;
_vGenel Yayın: 227.
_vNo: 7.
500 _aAtatürk, Kurtuluş Savaşı, Atatürk Devrimleri ve Türkiye Cumhuriyeti üzerine Türkçe ve yabancı dillerde yayınlanmış 500 seçme kitap İçermektedir.
600 1 4 _91465
_aAtatürk, Gazi Mustafa Kemal
_d1881-1938
_xKaynakça
942 _2ddc
_cBKS
999 _d14175